zpět

Detail výsledku týmu

Zimák, Uničov

Datum a čas kvízu

28.5 Celkem bodů Celkový počet nahraných bodů na tomto kvízu bez doplňovacích otázek.
3. Pořadí na kvízu Konečné umístění týmu na tomto kvízu.

Zaznamenané odpovědi

# Otázka Odpověď Body Výsledky
1. Někteří senátoři chtějí ve Va... lavička s popelníkem 1
2. Saúdskoarabský korunní princ M... Jeff Bezos 1
3. Nejvíce nominací na hudební Ce... Vladimír Mišík 1
4. Aféra s předraženou zakázkou n... hackathon 1
5. Jak se jmenuje český krasobrus... Michal Březina 1
6. Jelikož se o ostrovech zmiňuje... D) zaťatou pěst se vztyčeným ukazováčkem 0
7. Jak se nazývá ostrov, na němž... Borneo 1
8. Za jistou formu "ostrova" se d... Lesotho 0
9. Ostrovid je druhové jméno jist... rys 1
10. Jak se jmenoval německý patolo... Paul Langerhans 0